000 00466nam a2200205Ia 4500
003 OSt
005 20230421092633.0
008 210423s2007 xx 000 0 und d
020 _a041534106x
040 _cAL
041 _aeng
082 _a297 TURC
100 _aTURNER (Colin).
_991267
245 _aIslam the basics.
260 _aLondon
_bRoutledge
_c2007
300 _ax,231
_bPB
365 _b295
_cINR
906 _abasics. ; Islam
942 _2ddc
_cBK
999 _c160410
_d160410